Эрратология, или как избежать наиболее неприятных ошибок при подготовке диссертации

التفاصيل البيبلوغرافية
المؤلف الرئيسي: Марьянович А. Т. Александр Тимурович
الملخص:Errata в переводе с латинского означает ошибки. "Эрратология" - подробное изложение типичных ошибок, которые допускают в своей работе почти все начинающие исследователи и многие более опытные научные работники. Многочисленные полезные советы по частным вопросам не заслоняют главного содержания книги объяснения внутренней логики исследования и собственно текста диссертации. "Эрратология" подробно растолковывает исследователю как раз то, чему никто никого никогда не учит, например, что именно следует выписывать из книг и статей или как свести громадный массив данных в короткую главу "Обзор литературы". Особый раздел посвящен выбору дальнейшего пути после успешной защиты кандидатской диссертации. От других изданий подобного рода эту книгу отличает еще и то, что она построена в форме беседы с читателем - наставительной по сути и легкой по форме: Вы хотите сделать так-то? - Не стоит. Эту ошибку многие совершали до вас. Лучше делайте так-то. (Приводится пример). Следуя рекомендациям автора, читатель не только напишет свою диссертацию значительно лучше, но и защитит ее намного раньше. Свою книгу автор адресует как молодым исследователям, так и коллегам-профессорам. Некоторые из них, возможно, сочтут за благо отсылать учеников к "Эрратологии" вместо того, чтобы тратить драгоценное время на разъяснение им простых истин.
اللغة:الروسية
منشور في: Москва, Вузовская книга, 2004
الطبعة:4-е изд., испр. и доп.
الموضوعات:
التنسيق: MixedMaterials كتاب
KOHA link:https://koha.lib.tpu.ru/cgi-bin/koha/opac-detail.pl?biblionumber=67223

MARC

LEADER 00000nam0a2200000 4500
001 67223
005 20231031073402.0
010 |a 5950200969 
035 |a (RuTPU)RU\TPU\book\71585 
090 |a 67223 
100 |a 20040914d2004 km y0rusy50 ca 
101 0 |a rus 
102 |a RU 
105 |a a z 000zy 
200 1 |a Эрратология, или как избежать наиболее неприятных ошибок при подготовке диссертации  |f А. Т. Марьянович 
205 |a 4-е изд., испр. и доп. 
210 |a Москва  |c Вузовская книга  |d 2004 
215 |a 198 с.  |c ил. 
318 |5 63413507  |a От аспиранта к профессору  |b выставка 
330 |a Errata в переводе с латинского означает ошибки. "Эрратология" - подробное изложение типичных ошибок, которые допускают в своей работе почти все начинающие исследователи и многие более опытные научные работники. Многочисленные полезные советы по частным вопросам не заслоняют главного содержания книги объяснения внутренней логики исследования и собственно текста диссертации. "Эрратология" подробно растолковывает исследователю как раз то, чему никто никого никогда не учит, например, что именно следует выписывать из книг и статей или как свести громадный массив данных в короткую главу "Обзор литературы". Особый раздел посвящен выбору дальнейшего пути после успешной защиты кандидатской диссертации. От других изданий подобного рода эту книгу отличает еще и то, что она построена в форме беседы с читателем - наставительной по сути и легкой по форме: Вы хотите сделать так-то? - Не стоит. Эту ошибку многие совершали до вас. Лучше делайте так-то. (Приводится пример). Следуя рекомендациям автора, читатель не только напишет свою диссертацию значительно лучше, но и защитит ее намного раньше. Свою книгу автор адресует как молодым исследователям, так и коллегам-профессорам. Некоторые из них, возможно, сочтут за благо отсылать учеников к "Эрратологии" вместо того, чтобы тратить драгоценное время на разъяснение им простых истин. 
610 1 |a наука 
610 1 |a научная работа 
610 1 |a научно-исследовательская деятельность 
610 1 |a диссертации 
610 1 |a написание 
610 1 |a подготовка 
610 1 |a ошибки 
610 1 |a эрратология 
686 |a Ч216(2)24  |v LBC/SL-A  |2 rubbk 
686 |a Ч215.7  |v LBC/SL-A  |2 rubbk 
700 1 |a Марьянович  |b А. Т.  |g Александр Тимурович 
801 1 |a RU  |b 63413507  |c 20040914  |g PSBO 
801 2 |a RU  |b 63413507  |c 20080214  |g PSBO 
942 |c BK